000 01084nam0a22002651 4500
001 rc\697598
005 20260407122930.0
035 _a(NLR Aleph) 005933820
090 _a6606661
_c6606661
100 _a20031121d1985 |||y0rusy50 ca
101 0 _arus
102 _aRU
105 _ay |||||||||
200 1 _aСозидательная сила традиций
_e(К 50-летию стахан. движения)
_eМетод. рекомендации
_fОдес. обл. орг. о-ва "Знание"
_g[Сост. Самойлов Ф.А., Щетников В.П.]
210 _aОдесса
_cБ. и.
_d1985
215 _a[1], 17 с.
_d20
225 1 _aВ помощь лектору
320 _aБиблиогр.: с. 17
702 1 _aСамойлов
_bФ.А.
_gФедор Александрович
_4220
712 0 2 _a"Знание", общество УССР
_cКиев
_bОдесское областное отделение
_3RU\NLR\AUTH\889960568
_9417415
801 0 _aRU
_bNLR
_gpsbo
801 1 _aRU
_bELAR
_2rusmarc
852 _aNLR
_j85-4/36089
942 _cBOOK
980 _aNB